000 00285nam a2200133Ia 4500
100 _aLang/Paul/V.
942 _cBK
654 _aAir
245 _aPrinciples of Air Conditioning
260 _bTaraporevala Sons & Co
_c2001
082 _a697.93
300 _a348
546 _aENGLISH
999 _c29454
_d29454